Исследование цитопротекторных свойств солей лития на модели опухолевой культуры; Химия и химическая технология в XXI веке

Podrobná bibliografie
Parent link:Химия и химическая технология в XXI веке.— 2020.— [С. 332-333)
Hlavní autor: Третьякова М. С. Мария Сергеевна
Korporace: Национальный исследовательский Томский политехнический университет Исследовательская школа химических и биомедицинских технологий Научно-исследовательский центр "Онкотераностика", Национальный исследовательский Томский политехнический университет Исследовательская школа химических и биомедицинских технологий
Další autoři: Плотников Е. В. Евгений Владимирович (научный руководитель), Юсубов М. С. Мехман Сулейман-оглы (Сулейманович)
Shrnutí:Заглавие с экрана
Jazyk:ruština
Vydáno: 2020
Edice:Теоретические и прикладные аспекты фармации и биотехнологии
Témata:
On-line přístup:http://earchive.tpu.ru/handle/11683/63380
Médium: Elektronický zdroj Kapitola
KOHA link:https://koha.lib.tpu.ru/cgi-bin/koha/opac-detail.pl?biblionumber=631882

MARC

LEADER 00000naa2a2200000 4500
001 631882
005 20240201102448.0
035 |a (RuTPU)RU\TPU\conf\33583 
035 |a RU\TPU\conf\33581 
090 |a 631882 
100 |a 20200923d2020 k y0rusy50 ca 
101 0 |a rus 
102 |a RU 
105 |a y z 101zy 
135 |a drgn ---uucaa 
181 0 |a i  
182 0 |a b 
200 1 |a Исследование цитопротекторных свойств солей лития на модели опухолевой культуры  |f М. С. Третьякова, Е. В. Плотников  |g науч. рук. М. С. Юсубов 
203 |a Текст  |c электронный 
225 1 |a Теоретические и прикладные аспекты фармации и биотехнологии 
300 |a Заглавие с экрана 
320 |a [Библиогр.: с. 333 (5 назв.)] 
463 0 |0 (RuTPU)RU\TPU\conf\32967  |t Химия и химическая технология в XXI веке  |o материалы XXI Международной научно-практической конференции студентов и молодых ученых имени выдающихся химиков Л. П. Кулёва и Н. М. Кижнера, посвященной 110-летию со дня рождения профессора А. Г. Стромберга, 21–24 сентября 2020 г., г. Томск  |f Национальный исследовательский Томский политехнический университет  |v [С. 332-333)  |d 2020 
610 1 |a электронный ресурс 
610 1 |a труды учёных ТПУ 
610 1 |a соли лития 
610 1 |a опухолевые ткани 
610 1 |a лечение 
610 1 |a химиотерапия 
610 1 |a цитотоксические свойства 
610 1 |a противоопухолевые препараты 
610 1 |a цитопротекторы 
700 1 |a Третьякова  |b М. С.  |c специалист в области медицинских технологий  |c инженер-исследователь Томского политехнического университета  |f 1994-  |g Мария Сергеевна  |3 (RuTPU)RU\TPU\pers\46461 
701 1 |a Плотников  |b Е. В.  |c химик  |c доцент Томского политехнического университета, кандидат химических наук  |f 1983-  |g Евгений Владимирович  |3 (RuTPU)RU\TPU\pers\29838  |9 14314 
702 1 |a Юсубов  |b М. С.  |c химик  |c профессор Томского политехнического университета, доктор химических наук  |f 1961-  |g Мехман Сулейман-оглы (Сулейманович)  |4 727 
712 0 2 |a Национальный исследовательский Томский политехнический университет  |b Исследовательская школа химических и биомедицинских технологий  |b Научно-исследовательский центр "Онкотераностика"  |3 (RuTPU)RU\TPU\col\27561 
712 0 2 |a Национальный исследовательский Томский политехнический университет  |b Исследовательская школа химических и биомедицинских технологий  |c (2017- )  |3 (RuTPU)RU\TPU\col\23537 
801 2 |a RU  |b 63413507  |c 20201125  |g RCR 
856 4 |u http://earchive.tpu.ru/handle/11683/63380 
942 |c BK